Responses for Show #3863 - Wednesday, May 23, 2001

Contestants

[<< previous game]

Ken Beckrich, a consultant from Lawton, Michigan

Rebecca Gold, a systems developer from New York City, New York

Chris Dougherty, a college student from Seattle, Washington

[next game >>]

Jeopardy! Round responses

BEASTLY LITERATURE
STYLIN' LIKE LARRY KING
CALIFORNIA EXPORTS
THE ROMANOVS
BIBLICAL RHYME TIME
SUMMER CAMP
    $100 3
(Ken: Who is Ichabod Crane?)

Rip Van Winkle

RebeccaKen
    $100 15
CNN

Rebecca
    $100 1
Wines

Chris
    $100 20
Peter the Great

Ken
    $100 9
Peter's tweeters

Rebecca
    $100 24
Horses

Chris
    $200 4
Marlin

Chris
    $200 22
Madeleine Albright

Chris
    $200 2
(Chris: What are avocados?)

artichokes

ChrisKen
    $200 12
Anastasia

Ken
    $200 10
Mark's larks

Ken
    $200 25
(Chris: What is a pup tent?)

bunk

ChrisRebecca
    $300 5
Beatrix Potter

Triple Stumper
    $300 23
Steve Martin

Rebecca
    $300 6
Hearing

Rebecca
    $300 13
Catherine the Great

Chris
    $300 11
Job's lobes

Ken
    $300 26
Waterfront

Ken
    $400 7
Animal Farm

Ken
    $400 27
Whose Line Is It Anyway?

Ken
    $400 18
Shoes

Chris
    $400 14
(Chris: What is Mongolia?)

Alaska

Chris
    $400 16
Lot's cots

Ken
    $400 29
YMCA (Young Men's Christian Association)

Ken
    $500 8
Babar

Rebecca
    $500 28
Guy Ritchie

Chris
    $500 19
Golf club

Ken
    $500 21
France

Chris
    $500 17
Ham's clams

Ken
    $500 30
Walt Whitman

Ken

Scores at the first commercial break (after clue 14):

Chris Rebecca Ken
$0 $1,000 $1,200

Scores at the end of the Jeopardy! Round:

Chris Rebecca Ken
$1,500 $1,600 $4,300

Double Jeopardy! Round responses

EGYPT BEYOND THE PYRAMIDS
(Alex: Based on a History Channel show, which premieres May 28.)
SEEING DOUBLE
THAT'S OLD NEWS!
FLORIDUDS
SIMPLE SCIENCE
NEW SUMMER "CAMP"s
    $200 1
Cairo

Ken
    $200 13
Bette Midler

Chris
    $200 20
Aristotle

Triple Stumper
    $200 21
Miami Vice

Ken
    $200 8
2

Rebecca
    $200 26
(Rebecca: What is David?)
...
(Alex: You forgot to add "camp", which is in all the responses.)

Camp David

Rebecca
Triple Stumper
    $400 2
Wigs

Ken
    $400 14
Danny DeVito & Arnold Schwarzenegger

Rebecca
    $3,000 4
Nathaniel Bacon

Ken
    $400 22
Harry S. Truman

Rebecca
    $400 9
Cube

Chris
    $400 27
Camptown Races

Chris
    $600 5
mummification

Ken
    $600 3
The Shining

Ken
    $600 17
Marshall Petain

Chris
    $600 23
Thongs

Chris
    $600 10
Neutron

Chris
    $600 28
Campanella

Triple Stumper
    $2,000 6
(Ken: What is the Upper Valley?)

delta

Ken
    $800 15
Jeremy Irons

Rebecca
    $800 18
Indiana

Triple Stumper
    $800 24
Gianni Versace

Ken
    $800 11
Rust

Chris
    $800 29
(Rebecca: What is Camp Quasimodo?)
...
(Alex: Not a bad guess, though!)

campanile

Rebecca
Triple Stumper
    $1000 7
Ramses II

Rebecca
    $1000 16
The Parent Trap

Triple Stumper
    $1000 19
Laura

Ken
    $1000 25
Katherine Harris

Ken
    $1000 12
Aorta

Ken
    $1000 30
Roaring Camp

Triple Stumper

Scores at the end of the Double Jeopardy! Round:

Chris Rebecca Ken
$5,100 $3,400 $11,100
(lock game)

[wagering suggestions for these scores]

Final Jeopardy! Round responses

WORLD GEOGRAPHY
RebeccaWhat are the United Arab Emirates
$2,000
ChrisWhat is Saudi Arabia United Arab i
$1,800
KenWhat is the UAE? (United Arab Emirates)
$300
United Arab Emirates

Final scores:

Chris Rebecca Ken
$3,300 $5,400 $11,400
3rd place: a pair of ebikes (bicycles) from ebikes.com 2nd place: a trip to London, courtesy of Priceline.com New champion: $11,400

Game dynamics:

Coryat scores:

Chris Rebecca Ken
$5,500 $3,400 $10,500
15 R,
3 W
(including 1 DD)
12 R,
2 W
23 R
(including 1 DD),
2 W
(including 1 DD)

Combined Coryat: $19,400

[game clues] [game scores] [suggest correction]

Game tape date: 2001-02-14
The J! Archive is created by fans, for fans. Scraping, republication, monetization, and malicious use prohibited; this site may use cookies and collect identifying information. See terms. The Jeopardy! game show and all elements thereof, including but not limited to copyright and trademark thereto, are the property of Jeopardy Productions, Inc. and are protected under law. This website is not affiliated with, sponsored by, or operated by Jeopardy Productions, Inc. Join the discussion at JBoard.tv.